Review of panchayati raj acts in the context of proposed constitutional amendments bill (Andhra Pradesh, Bihar, Gujarat, Haryana, Karnataka, Madhya Pradesh, Uttar Pradesh and West Bengal) (Record no. 492661)

000 -LEADER
fixed length control field 00592cam a22001337a 4500
008 - FIXED-LENGTH DATA ELEMENTS--GENERAL INFORMATION
fixed length control field 180718b1991 xxu||||| |||| 00| 0 eng d
082 ## - DEWEY DECIMAL CLASSIFICATION NUMBER
Classification number B73x54 M687r
245 ## - TITLE STATEMENT
Title Review of panchayati raj acts in the context of proposed constitutional amendments bill (Andhra Pradesh, Bihar, Gujarat, Haryana, Karnataka, Madhya Pradesh, Uttar Pradesh and West Bengal)
Statement of responsibility, etc. by S.N. Mishra...[et.al.]
260 ## - PUBLICATION, DISTRIBUTION, ETC.
Place of publication, distribution, etc. New Delhi
Name of publisher, distributor, etc. Indian Institute of Public Administration
Date of publication, distribution, etc. 1991
300 ## - PHYSICAL DESCRIPTION
Extent 286p.
650 ## - SUBJECT ADDED ENTRY--TOPICAL TERM
Topical term or geographic name entry element India - Constitutional law, state - Amendments
650 ## - SUBJECT ADDED ENTRY--TOPICAL TERM
Topical term or geographic name entry element Panchayat - India
700 ## - ADDED ENTRY--PERSONAL NAME
Personal name Mishra, S.N.
Holdings
Withdrawn status Lost status Damaged status Not for loan Permanent Location Current Location Date acquired Full call number Barcode Date last seen Price effective from Koha item type
        Indian Institute of Public Administration Indian Institute of Public Administration 2018-08-04 B73x54 M687r GR16328 2018-08-04 2018-08-04 GR
        Indian Institute of Public Administration Indian Institute of Public Administration 2018-08-04 B73x54 M687r GR16327 2018-08-04 2018-08-04 GR

Powered by Koha